banner koha

Manual de identificacao das principais madeiras comerciais brasileiras (Registro n. 275844)

MARC details
000 -LÍDER
campo de controle de tamanho fixo 01131nac a22003017a 4500
001 - NÚMERO DE CONTROLE
campo de controle BR8301944
003 - IDENTIFICADOR DO NÚMERO DE CONTROLE
campo de controle BR-BrBNA
005 - DATA E HORÁRIO DA ÚLTIMA TRANSAÇÃO
campo de controle 20240105115653.0
008 - CAMPO DE DADOS FIXOS--INFORMAÇÃO GERAL
campo de controle de tamanho fixo 230509b bl.|||m| |||| 00| 0 por d
040 ## - FONTE DA CATALOGAÇÃO
Instituição da catalogação original BR-BrBNA
Idioma da catalogação por
Instituição que transcreveu o registro Biblioteca Nacional de Agricultura
072 ## - CÓDIGO DE CATEGORIA DE ASSUNTO
Código de Categoria de Assunto K10; E70
090 ## - NÚMERO DE CHAMADA LOCAL
Número de chamada 8915 BR8301944
100 1# - ENTRADA PRINCIPAL--NOME PESSOAL
Nome pessoal Mainieri, C.
100 1# - ENTRADA PRINCIPAL--NOME PESSOAL
Nome pessoal Chimelo, J.P.
100 1# - ENTRADA PRINCIPAL--NOME PESSOAL
Nome pessoal Alfonso, V.A.
110 1# - ENTRADA PRINCIPAL--NOME CORPORATIVO
Nome corporativo ou nome da jurisdição Instituto de Pesquisas Tecnologicas do Estado de Sao Paulo S.A., Sao Paulo (Brasil);
110 1# - ENTRADA PRINCIPAL--NOME CORPORATIVO
Nome corporativo ou nome da jurisdição Companhia de Promocao de Pesquisa Cientifica e Tecnologica do Estado de Sao Paulo, Sao Paulo (Brasil)
245 1# - TÍTULO
Título Manual de identificacao das principais madeiras comerciais brasileiras
246 1# - FORMA VARIANTE DO TÍTULO
Título/título abreviado [Manual for identification of the main commercial Brazilian woods]
260 3# - PUBLICAÇÃO, DISTRIBUIÇÃO, ETC.
Local de publicação, distribuição, etc. Sao Paulo, SP (Brasil):
Data da publicação, distribuição, etc. 1983.
300 ## - DESCRIÇÃO FÍSICA
Extensão 241 p.
490 ## - TÍTULO DA SÉRIE
Título da série Publicacoes Especiais - Instituto de Pesquisas Tecnologicas do Estado de Sao Paulo S.A. (Brazil)
Número do volume ou designação sequencial da série no. 14
ISSN - International Standard Serial Number
500 ## - NOTA GERAL
Nota geral 268 illus.
650 ## - ASSUNTO--TERMO TÓPICO
Cabeçalho tópico ou nome geográfico MADEIRA
650 ## - ASSUNTO--TERMO TÓPICO
Cabeçalho tópico ou nome geográfico MERCADO
909 ## -
-- 202312
-- Lúcia Elande
-- 55
-- Lúcia Elande
942 ## - ELEMENTOS DE ENTRADA ADICIONADOS (KOHA)
Fonte da classificação ou esquema de arquivamento na estante Classificação AGRIS
Ocultar no OPAC Não
Tipo de material Koha Monografia Seriada
Exemplares
Situação do descarte Fonte da classificação ou esquema de arquivamento na estante Situação física Não pode ser emprestado Coleção Biblioteca de origem Biblioteca atual Localização na estante Total de empréstimos Número de telefone completo Código de barras Data de último acesso Tipo de material Koha Fonte de aquisição
  Classificação AGRIS       Biblioteca Nacional de Agricultura - Binagri Biblioteca Nacional de Agricultura - Binagri Agrobase - Acervo Geral   8915 BR8301944 8915 BR8301944 18/12/2023 Monografia Seriada Portaria Interministerial nº 164/94

BINAGRI

Telefone: (61)3218-2567/2388/3357/2097 - binagri@agro.gov.br

Ministério da Agricultura e Pecuária , Esplanada dos Ministérios, Bloco D, Anexo B, Brasília/DF, CEP: 70.043-900